| 000 | 00665cam a2200253 4500 | ||
|---|---|---|---|
| 008 | 1989 | ||
| 020 | _a0728201461 | ||
| 035 | _a(Sirsi) u27594 | ||
| 041 | _aeng | ||
| 050 | _a333.3320212 | ||
| 100 | _aParry, Richard | ||
| 245 | _aParry's valuation and investment tables | ||
| 250 | _a11th ed. | ||
| 260 |
_aLondon _bEstates Gazette _c1989 |
||
| 300 | _axxxi,330,(260)p. ; 22cm. | ||
| 350 | _a22 | ||
| 520 | _aThis edition by A.W. Davidson. | ||
| 650 | _aCOLLEGE OF ESTATE MANAGEMENT | ||
| 650 | _aDAVIDSON A W | ||
| 650 | _aINVESTMENT TABLES | ||
| 650 | _aVALUATION TABLES | ||
| 942 | _n0 | ||
| 948 | _c04/03/1997 | ||
| 999 |
_c89132 _d89132 |
||